书目信息 |
| 题名: |
著砚楼书跋
|
|
| 作者: | 潘景郑 著 | |
| 分册: | ||
| 出版信息: | 上海 古典文学出版社 1957 |
|
| 页数: | 340页 | |
| 开本: | 20cm | |
| 丛书名: | ||
| 单 册: | ||
| 中图分类: | G256.4 | |
| 科图分类: | ||
| 主题词: | 跋--中国 | |
| 电子资源: | ||
| ISBN: | ||
| 000 | 00513nam0 2200193 450 | |
| 001 | 0764612866 | |
| 005 | 20070730152751.15 | |
| 010 | @dCNY1.00 | |
| 100 | @a20070727d1957 km y0chiy0120 ea | |
| 101 | 0 | @achi |
| 102 | @aCN@b310000 | |
| 200 | 1 | @a著砚楼书跋@Azhu yan lou shu ba@f潘景郑著@Fpan jing zheng zhu |
| 210 | @a上海@c古典文学出版社@d1957 | |
| 215 | @a340页@d20cm | |
| 606 | 0 | @a跋@y中国 |
| 690 | @aG256.4@v3 | |
| 701 | 0 | @a潘景郑@Apan jing zheng@4著 |
| 801 | 0 | @aCN@bPFT@c20070730 |
| 905 | @a10447@dG256.4@e75 | |
| 著砚楼书跋/潘景郑著.-上海:古典文学出版社,1957 |
| 340页;20cm |
| ISBN :CNY1.00 |
| ● |
| 相关链接 |
|
|
|
|
正题名:著砚楼书跋
索取号:G256.4/75
 
预约/预借
| 序号 | 登录号 | 条形码 | 馆藏地/架位号 | 状态 | 备注 |
| 1 | 0786646 | 207866460 | 第一样本阅览室/ [索取号:G256.4/75] | 在馆 |